00370pab a2200133 454500008004000000100001700040245007800057260000900135300001500144362000800159650003900167650001400206773001600220180718b1996 xxu||||| |||| 00| 0 eng d aVithal, C.P. aA case for mobilization of resources by gram panchayats in Andhra Pradesh c1996 ap.28-31,45 aDec aPanchayat - India - Andhra Pradesh aPanchayat aKurukshetra